000 00724nam a2200217Ia 4500
001 20092
003 GE_BSU
008 181216s||||||||xx |||||||||||||| ||und||
020 _a0202-9545
040 _cGE_BSU
245 _aРеферативный журнал Электронное издание. 13Б. Математический анализ №12 . 2016
260 _aМосква
260 _bВинити
260 _c2016
300 _acd
653 _acd
653 _aМатематика
653 _aРеферативный журнал Электронное издание. 13Б. Математический анализ №12 . 2016
653 _aმათემატიკა
942 _cCF
999 _c53055
_d53055